Mandell, Douglas and Bennett´s. Principles and practice of infectious diseases. (Registro nro. 1102)

Detalles MARC
000 -LEADER
fixed length control field 01597nam a2200445 a 4500
008 - CAMPO DE CONTROL (LIBRO)
fixed length control field 120904s2010 us ||||f |||| 00| 0 eng d
020 ## - INTERNATIONAL STANDARD BOOK NUMBER
ISBN 9996058492
041 ## - CODIGO DE IDIOMA
Código de idioma del texto/pista de sonido o título separado eng
092 ## - SIGNATURA TOPOGRAFICA DEWEY LOCAL
número de clasificación 616.9
libristica 51
sección MAN
100 1# - ENTRADA PRINCIPAL--NOMBRE PERSONAL
Nombre personal Mandell. Gerald L.
9 (RLIN) 519
245 ## - TITULO PROPIAMENTE DICHO
Título Mandell, Douglas and Bennett´s. Principles and practice of infectious diseases.
Subtítulo y Título paralelo Vol.2 /
Mención de responsabilidad y remanente de la transcripción de la portada Gerald L. Mandell
250 ## - MENCION DE EDICION
Mención de edición 7th ed.
260 ## - PIE DE IMPRENTA
Lugar de publicación, distribución, etc Philadelphia [Estados Unidos]:
Nombre de la editorial, distribuidor, etc Elsevier-Churchill Livingstone;
Fecha de publicación 2010.
300 ## - DESCRIPCION FISICA
Extension 1905-4028 p.
500 ## - NOTA GENERAL
Nota general Mandell, G. L., Bennett, J. E. y Dolin, R. (2010). Priniciples and practice of infections diseases. T.2 (7th ed.). Philadelphia : Churchill Livingstone.
590 ## - NOTAS LOCALES (RLIN)
Nota local Compra PROMED Julio 2012
653 ## - TÉRMINO INDIZADO - PALABRAS CLAVES
Palabra clave Infectious diseases and their etiologic agents
653 ## - TÉRMINO INDIZADO - PALABRAS CLAVES
Palabra clave Viral diseases
653 ## - TÉRMINO INDIZADO - PALABRAS CLAVES
Palabra clave Prion diseases
653 ## - TÉRMINO INDIZADO - PALABRAS CLAVES
Palabra clave Chlamydial diseases
653 ## - TÉRMINO INDIZADO - PALABRAS CLAVES
Palabra clave Mycoplasma diseases
653 ## - TÉRMINO INDIZADO - PALABRAS CLAVES
Palabra clave Rickettioses, Ehrlichioses, and anaplasmosis
653 ## - TÉRMINO INDIZADO - PALABRAS CLAVES
Palabra clave Bacterial diseades
653 ## - TÉRMINO INDIZADO - PALABRAS CLAVES
Palabra clave Mycoses
653 ## - TÉRMINO INDIZADO - PALABRAS CLAVES
Palabra clave Protozoal diseases
653 ## - TÉRMINO INDIZADO - PALABRAS CLAVES
Palabra clave Diseases due to toxic algae
653 ## - TÉRMINO INDIZADO - PALABRAS CLAVES
Palabra clave Diseases due to helminths
653 ## - TÉRMINO INDIZADO - PALABRAS CLAVES
Palabra clave Ectoparasitic diseases
653 ## - TÉRMINO INDIZADO - PALABRAS CLAVES
Palabra clave Diseases of unknown etiology
653 ## - TÉRMINO INDIZADO - PALABRAS CLAVES
Palabra clave Special problems - Nosocomial infections
653 ## - TÉRMINO INDIZADO - PALABRAS CLAVES
Palabra clave infections in special hosts
653 ## - TÉRMINO INDIZADO - PALABRAS CLAVES
Palabra clave Surgical and trauma-related infections
653 ## - TÉRMINO INDIZADO - PALABRAS CLAVES
Palabra clave Inmunization
653 ## - TÉRMINO INDIZADO - PALABRAS CLAVES
Palabra clave Biodefense
653 ## - TÉRMINO INDIZADO - PALABRAS CLAVES
Palabra clave Zoonoses
653 ## - TÉRMINO INDIZADO - PALABRAS CLAVES
Palabra clave Protection of travelers
700 1# - ENTRADAS SECUNDARIAS - NOMBRE PERSONAL
Nombre personal Bennett, John E.
9 (RLIN) 520
700 1# - ENTRADAS SECUNDARIAS - NOMBRE PERSONAL
Nombre personal Dolin, Raphael
9 (RLIN) 521
942 ## - ADDED ENTRY ELEMENTS (KOHA)
Source of classification or shelving scheme Dewey Decimal Classification
Item type Libros
Existencias
Estado de retiro Existencia Fuente de clasificación Estado general No para prestamo Colección Ubicación permanente ubicación actual Sala de ubicación Fecha de adquisición Fuente de adquisición Total Checkouts Total Renewals Número de clasificación Código de barras Checked out Date last seen Date last borrowed Número de ejemplar Price effective from Koha tipo de elemento (item) Public note
    Dewey Decimal Classification     Non-fiction Biblioteca Medicina Biblioteca Medicina Referencia 04/09/2012 Proyecto PROMED 1 9 616.9 51 MAN 2618 01/03/2029 06/11/2014 04/09/2012 ej. 1 04/09/2012 Libros LIBRO DE CATEDRA. Compra PROMED julio 2012

UNIVERSIDAD NACIONAL DEL COMAHUE
Biblioteca de la Facultad de Ciencias Médicas
Sede Toschi: Los Arrayanes y Av. Toschi, Cipolletti  - Rio Negro
Sede Los Tordos:  Yrigoyen al 2211, Cipolletti - Rio Negro 

Teléfono: 0299 - 4774707 int 25
Contacto: biblioteca@facimed.uncoma.edu.ar
© 2011 - 2026